Diseno, construccion y pruebas de un control automatico PID

Guardado en:
Bibliografiske detaljer
Hovedforfatter: Wheeler Solano, James
Format: Tesis Bog
Sprog:Undetermined
Udgivet: 1985
Fag:
Tags: Tilføj Tag
Ingen Tags, Vær først til at tagge denne postø!

MARC

LEADER 00000nam a2200000Ia 4500
001 2851
008 140114s9999 xx 000 0 und d
100 |a Wheeler Solano, James 
245 |a Diseno, construccion y pruebas de un control automatico PID 
260 |c 1985 
500 |a NULL 
502 |a Escuela de ingenieria Electrica 
650 |z CONTROL AUTOMATICO PID 
999 |c 11656  |d 11656